MARC

LEADER 00000nas a2200000 a 4500
001 ssj0005973
003 WaSeSS
005 20200512172242.0
006 m d
007 cr n
008 000702c19649999vauqr p s 0 a0eng c
010 |a  2011202036 
016 7 |a 003276118  |2 IsJJNL 
016 7 |a 016064349  |2 Uk 
022 |a 2161-1920  |y 0022-0787 
030 |a JECODE 
035 |a (WaSeSS)ssj0005973 
037 |b John Wiley & Sons., 111 Rivwer Street, Hoboklen, NJ 07030 
040 |a HNK  |b eng  |c HNK  |d OCLCQ  |d DLC  |d TXA  |d OCLCA  |d J9U  |d FIE  |d LND  |d CUD  |d OCLCQ  |d UKMGB  |d OCLCA  |d DLC  |d OCLCQ  |d HEBIS  |d OCLCF  |d COO  |d OCLCO  |d OCLCQ  |d OCLCA  |d OCLCQ  |d AU@  |d VT2  |d OCLCO  |d OCLCQ  |d NJT  |d OCLCA  |d SFB  |d WaSeSS 
042 |a pcc  |a nsdp 
043 |a n-us--- 
050 1 4 |a HF5382.5.U5  |b J68 
082 1 0 |a 331  |2 14 
130 0 |a Journal of employment counseling (Online) 
222 0 |a Journal of employment counseling  |b (Online) 
245 1 0 |a Journal of employment counseling  |h [electronic resource]. 
246 3 |a JEC 
260 |3 [1964-June 1983] :  |a [Washington, DC] :  |b [National Employment Counselors Association, a division of the American Personnel and Guidance Association] 
260 2 |3 [Sept. 1983-June 1992] :  |a [Alexandria, Va.] :  |b [American Association for Counseling and Development] 
260 3 |3 Sept. 1992- :  |a Alexandria, VA :  |b American Counseling Association 
310 |a Quarterly 
362 1 |a Print began with vol. 1, no. 1 (spring 1964). 
506 |a License restrictions may limit access. 
538 |a Mode of access: World Wide Web. 
588 |a Description based on: Vol. 33, no. 1 (Mar. 1996); title from PDF article running title (Wiley online library, viewed Apr. 26, 2012). 
588 |a Latest issue consulted: Vol. 49, no. 1 (Mar. 2012) (Wiley online library, viewed Apr. 26, 2012). 
650 0 |a Vocational guidance  |z United States  |v Periodicals. 
650 7 |a Vocational guidance.  |2 fast  |0 (OCoLC)fst01168579 
650 7 |a Berufsberatung  |2 gnd 
651 7 |a United States.  |2 fast  |0 (OCoLC)fst01204155 
651 7 |a USA  |2 gnd 
655 0 |a Electronic journals. 
710 2 |a National Employment Counselors Association (U.S.) 
710 2 |a American Personnel and Guidance Association. 
710 2 |a American Counseling Association. 
776 0 8 |i Print version:  |t Journal of employment counseling  |x 0022-0787  |w (DLC) 70649537  |w (OCoLC)1783485 
856 4 0 |z Full text available from Research Library: 03/01/1998 to 12/31/2013  |u https://search.proquest.com/publication/2350